|
|
|
|
| LEADER |
00996nam a2200241 a 4500 |
| 001 |
2616663 |
| 008 |
100131s1998 enk 000 0 eng d |
| 010 |
|
|
|a 98037221
|
| 020 |
|
|
|a 0415182409 (alk. paper)
|
| 020 |
|
|
|a 0415182417 (pbk. : alk. paper)
|
| 040 |
|
|
|a DLC
|c DLC
|d DLC
|d BD-DhAAL
|
| 082 |
0 |
0 |
|a 792/.0981
|2 21
|
| 100 |
1 |
|
|a Boal, Augusto.
|
| 240 |
1 |
0 |
|a Teatro legislativo.
|l English
|
| 245 |
1 |
0 |
|a Legislative theatre :
|b using performance to make politics /
|c Augusto Boal ; translated by Adrian Jackson.
|
| 260 |
|
|
|a London ;
|a New York :
|b Routledge,
|c c1998.
|
| 300 |
|
|
|a xiv, 254 p. ;
|c 26 cm.
|
| 541 |
1 |
|
|e 00007686
|
| 650 |
|
0 |
|a Theater
|x Political aspects.
|
| 650 |
|
0 |
|a Theater
|x Political aspects
|z Brazil.
|
| 852 |
4 |
|
|a Ayesha Abed Library
|j General shelf
|
| 999 |
|
|
|c 7274
|d 7274
|
| 952 |
|
|
|0 0
|1 0
|2 ddc
|4 1
|6 792_098100000000000_BOA_1998
|7 0
|9 7638
|a BRACUL
|b BRACUL
|c SPS
|d 2010-01-31
|l 0
|o 792.0981 BOA
|p 3010007686
|r 2010-01-31
|t 1
|w 2010-01-31
|y BK
|x Photocopy Book. Declared as Damaged on December 10, 2023
|